Statistics for Most Mentioned Countries on JetPunk Discord Server

Click here to take the quiz!

General Stats

  • This quiz has been taken 52 times
  • The average score is 14 of 20

Answer Stats

Country#% Correct
United States111
98%
Russia80
94%
France95
92%
China70
90%
India181
90%
United Kingdom129
88%
Canada50
86%
Germany39
86%
Japan128
84%
Brazil54
82%
Spain45
80%
Ireland50
63%
Poland51
61%
Belgium35
49%
Denmark36
49%
Austria59
45%
Iceland39
39%
Singapore128
37%
Vatican City45
33%
Estonia43
22%

Score Distribution

Percentile by Number Answered

Percent of People with Each Score

Your Score History

You have not taken this quiz